|
|
|
|
| LEADER |
01162nam a2200277 a 4500 |
| 001 |
2197339 |
| 008 |
100114s1969 nyua b 001 0 eng d |
| 010 |
|
|
|a 73082021
|
| 020 |
|
|
|a 0030812143 (v. 1)
|
| 040 |
|
|
|a DLC
|c DLC
|d DLC
|d BD-DhAAL
|
| 082 |
0 |
0 |
|a 158
|
| 100 |
1 |
|
|a Carkhuff, Robert R.
|
| 245 |
1 |
0 |
|a Helping and human relations :
|b a primer for lay and professional helpers /
|c Robert R. Carkhuff.
|
| 260 |
|
|
|a New York :
|b Holt, Rinehart and Winston,
|c 1969
|
| 300 |
|
|
|a xix 298 p. :
|b illus. ;
|c 24 cm.
|
| 362 |
0 |
|
|a volume I
|
| 500 |
|
|
|a Appendices (v. 1, p. 267-290):--A. Relevant publications of the author.--B. Systematic desensitization manual for helper instruction and treatment procedure, prepared by R. Vitalo.
|
| 504 |
|
|
|a Includes bibliographies.
|
| 541 |
1 |
|
|e 00001336
|
| 505 |
1 |
|
|a v. 1. Selection and training.
|
| 650 |
|
0 |
|a Counseling.
|
| 650 |
|
0 |
|a Psychotherapy.
|
| 650 |
|
0 |
|a Helping behavior.
|
| 852 |
4 |
|
|a Ayesha Abed Library
|j General Shelf.
|
| 999 |
|
|
|c 7002
|d 7002
|
| 952 |
|
|
|0 0
|1 0
|2 ddc
|4 0
|6 158_CAR_196900000000000
|7 0
|9 7257
|a BRACUL
|b BRACUL
|c GEN
|d 2010-01-17
|g 1342.50
|l 1
|m 1
|o 158 CAR
|p 3010001336
|r 2015-02-13
|s 2015-02-06
|t 1
|w 2010-01-17
|y BK
|